=LDR 00000nam 2200000 4500 =001 INLIS000000000021219 =005 20130612120109 =008 ***********************************Ind** =035 ##$$0010-061300000021219 =041 ##$$a Ind =082 ##$$a 364 =090 ##$$a 364, Kus a =100 ##$$a Kusumah, Mulyana W =245 ##$$a Analisa kriminologi tentang kejahatan-kejahatan kekerasan, Drs. Mulyana W. Kusumah =260 ##$$a 1982 $b Jakarta =300 ##$$a 64 hlm, 21 cm =650 ##$$a Kriminologi =850 ##$$a NBPNMAT